| 000 | 00570nam a2200181 i 4500 | ||
|---|---|---|---|
| 001 | 59450 | ||
| 003 | ES-MaACL | ||
| 005 | 20230906164032.0 | ||
| 007 | t| | ||
| 008 | 031029s1937 fr ||||1| fre d | ||
| 245 | 0 | 2 | _aL'Enseignement des langues vivantes. |
| 260 |
_a[S.l. : _bs.n., _c1937] ( _eLyon : _fImp. Bosc Frères) |
||
| 300 |
_a282 p. ; _c25 cm. |
||
| 490 | 1 |
_aPublications du Bureau International d'Education ; _v54 |
|
| 830 | 0 |
_aPublications du Bureau International d'Education ; _v54 _9181740 |
|
| 852 |
_aES-MaACL _jA-5183 _bR.18063 |
||
| 999 |
_c59450 _d59450 |
||